Tsaranoro Be

Bibliographic Details
Main Authors: Beneš, Ondra (Author), Sobotka, Tomáš (Author)
Format: Article
Language:Slovak
Czech
PhysicalDescription:Fotogr.
ISSN:1335-3896
Subjects:

MARC

LEADER 00000nab a2200000 a 4500
001 vtls008985740
003 SK-MaSNL
005 20260304133713.0
008 250505c2007 xo zr|p|||||||000 b|slo
015 |a SNBRB2007/05  |2 snkbucl 
035 |a (uuid)e076b863-6747-4618-ba51-1b4a96adf785 
035 |a urn:nbn:sk:snk-ab103h 
035 |a (urnnbn)urn:nbn:sk:snk:ar-a0440y 
038 |a SNKBUCL 
040 |a SNKBUCL  |b slo  |c SNKBUCL  |e AACR2 
041 0 |a cze 
044 |a xo  |c SK 
080 |a 796.526  |x (691)  |2 2001 
100 1 |a Beneš, Ondra  |4 aut  |9 1336606 
245 1 0 |a Tsaranoro Be  |c Ondra Beneš, Tomáš Sobotka 
300 |b Fotogr. 
650 0 7 |a športové lezenie  |2 snkbucl  |9 29125 
651 7 |a Madagaskar  |2 snkbucl  |9 16591 
700 1 |a Sobotka, Tomáš  |4 aut  |9 1450865 
773 0 |t Jamesák  |g Roč. XXXIX, č. 2 (2007), s. 24-25  |x 1335-3896 
850 |a Slovenská národná knižnica 
852 |a Slovenská národná knižnica 
954 |a odborná, vedecká literatúra cudzojazyčná (svetová)  |2 lita 
954 |a odborná, vedecká literatúra pôvodná (slovenská)  |2 lita 
958 |a article27 
958 |a OND 
958 |a EUIPO 
999 |c 2903262  |d 2905192